Регионална библиотека "Любен Каравелов" - Русе

Бягство от свободата (Запис номер 76416)

MARC детайли
000 -Лидер
Контролно поле с фиксирана дължина 01693nam a2200397 c 4500
003 - Код на организацията, давaща контролен номер
Контролно поле BLK
005 - Дата и час на последна редакция
Контролно поле 20240703123131.0
008 - Елементи от данни с фиксирана дължина
fixed length control field 180408b bul|||||r ||||||| ||bul||
010 ## - Наследен системен номер
LC control number KNG00080847000
020 ## - Международен стандартен номер на книга ISBN
Международен стандартен номер на книга ISBN 978-954-739-671-4
-- издат.: Захарий Стоянов
040 ## - Източник на каталожния запис
Идентификатор на билиотеката - собственик на записа BLK
041 ## - Код за език
Код за езика на текст/звукозапис или на отделно заглавие Български
Код за езика КДБФ Български
080 ## - УДК
Текстов определител УДК Социално поведение. Социална психология
УДК код - определител по УДК 316.6
УДК определител
УДК - код + определител 316.6
080 ## - УДК
Текстов определител УДК Социална етика
УДК код - определител по УДК 172
УДК определител
УДК - код + определител 172
100 1# - Редна дума - Автор
Автор Фром, Ерих
Авторска отговорност първи автор
R(LIN) 135079
139 ## - Редно поле
Редна дума Фром, Ерих
Авторски знак Фром - Ф 86
245 10 - Сведения за заглавието
Заглавие Бягство от свободата
Редно поле (дума) Ерих Фром; прев. от англ. Владимир Ганев.
250 ## - Област на изданието
Сведения за изданието 3. изд.
257 ## - Страна на издаване
Страна на създаване/издаване Германия
260 ## - Област на издателските данни
-- София
Име на издателя, разпространителя и проч. Захарий Стоянов
Година на издаване 2005
Печатница София : Образование и наука
300 ## - Физическа характеристика
Страници 304 с.
Размери/Мащаб 20 см
380 ## - Жанр
Жанр Обществени науки
490 1# - СЕРИИ (Колекции)
Име на серия Поредица Философия и човек
500 ## - Общи забележки
Забележка 1. изд. 1992 на изд. Христо Ботев. - Ориг. загл. Escape from Freedom / Erich Fromm. - Офс. изд. - Библиогр. под линия.
650 #4 - Допълнително описание по предмет – тема
Основно описание – тема или топоним Социална психология
9 (RLIN) 243161
650 #4 - Допълнително описание по предмет – тема
Основно описание – тема или топоним Личност и общество - етични проблеми
9 (RLIN) 245198
653 ## - Ключова дума – ненормативна
Ключова дума социална психология
653 ## - Ключова дума – ненормативна
Ключова дума етика
700 1# - Други автори (авторска отговорност)
Лично име Ганев, Владимир
Автороска отговорност (Описва отношението между автора и произведението) прев. от англ.
9 (RLIN) 365635
852 ## - Местоположение
Форматна сигнатура Цб 237997
856 4# - Електронен адрес и достъп
Електронен формат pdf - файл
Път до файла /url/
856 4# - Електронен адрес и достъп
Електронен формат pdf - файл
Път до файла /url/
942 ## - АРТИКУЛИ
Вид на библиотечния материал Книги
Скрит в OPAC Не
Koha issues (borrowed), all copies 13
944 ## - СЪЗДАВАНЕ И РЕДАКЦИЯ на ЗАПИСА
Създаване/Редакция Създаване
Дата на регистрацията/редакция 28.01.2008
Служител, извършил регистрацията/редакцията 30530
Статус, дата на статуса Минев Младен
944 ## - СЪЗДАВАНЕ И РЕДАКЦИЯ на ЗАПИСА
Създаване/Редакция Редакция
Дата на регистрацията/редакция 13.01.2012
Служител, извършил регистрацията/редакцията
999 ## - СИСТЕМНИ КОНТРОЛНИ НОМЕРА
Koha biblionumber 76416
Koha biblioitemnumber 76416
Наличности
Код за отписване Код за изгубен артикул Код за повреда Коз за рестрикции Код за отдаване Артикулен № Име на библиотеката - собственик Име на библиотеката, в която се намира в момента Статус (Текущо местоположение) Дата на вписване в системата Местоположение - отдел Цена в лева Инвентарен номер Систематично азбучна сигнатура Баркод Номер на екземпляра Цена в евро Служебна бележка Служебен тип на артикула Източник на класификационната схема
  Не е изгубен Не е повреден без рестрикции ползва се в читалня 124117 Регионална библиотека "Любен Каравелов" Русе Регионална библиотека "Любен Каравелов" Русе Хранилище 2008-01-28 Хранилище 8.00 120000722623 Цб 237997 120000722623 1 4.09 Дост: Dp Вид: Д N: 42 Дата: 27.09.2007 Книги  
  Не е изгубен Не е повреден без рестрикции заемане за дома 124118 Регионална библиотека "Любен Каравелов" Русе Регионална библиотека "Любен Каравелов" Русе Заемна - подръчен фонд 2011-12-16 Заемна - подръчен фонд 8.00 120000755563 П 316.6/Ф 86 120000755563 2 4.09 Дост: Pk Вид: Ф N: 251 Дата: 15.12.2011 Дата инв: 02.02.2018 Бележки инв: П2018 Книги Universal Decimal Classification
Vip Innovations Ltd, Rousse, Bulgaria 2025